Liczby od 1 do 20 po Niemiecku. - Statystyki

Ogólne statystyki
  • Ten quiz został rozwiązany 679 razy
  • Średni wynik to 16 z 20
Statystyki odpowiedzi
Hint Odpowiedź % Poprawnych
5 Funf
87%
19 Neunzehn
85%
9 Neun
84%
7 Sieben
84%
4 Vier
84%
13 Dreizehn
83%
11 Elf
83%
16 Sechzehn
83%
14 Vierzehn
83%
15 Funfzehn
82%
6 Sechs
81%
20 Zwanzig
80%
18 Achtzehn
79%
1 Eins
79%
8 Acht
77%
3 Drei
76%
17 Siebzehn
73%
10 Zehn
70%
12 Zwolf
70%
2 Zwei
53%
Nie znaleziono quizów pasujących do podanych kryteriów
Rozkład punktacji
Procent ludzi z każdym wynikiem
Percentyl według liczby udzielonych odpowiedzi
Twoja historia wyników
Nie rozwiązałeś tego quizu